00465nam a2200169Ia 4500003000900000008004100009020001800050040001600068080001800084100001800102245005300120260003500173300001000208650004100218650001900259650001700278IN-BaIIA211028s9999 xx 000 0 eng d a0-12-500650-0 cIIA Library a523.9-71bBIO aMitsui, Akira 0aBiological solar energy conversioncAkira Mitsui aNew YorkbAcademic Pressc1977 a469p. aAstronomy and astrophysics thesaurus aPhotosynthesis aSolar energy